• 首页
  • 本馆介绍
  • 公告通知
  • 最新文献
  • 馆藏检索
  • 电子资源
  • 读者导购
  • 参考咨询
  • 我的图书馆
  • 登录
  • 详细信息显示
  • 放入我的书架
  • 预约/预借图书
  • 作者相关作品
  • 分类相关作品
  • 丛书相关作品
  • 出版社相关作品

书目信息

  • 表格格式
  • 工作单格式
  • 卡片格式
题名:
魏源评传
    
 
作者: 陈其泰肖 , 刘兰肖 著
分册: 下  
出版信息: 南京   南京大学出版社  2011.4
页数: 312-665页
开本: 23cm
丛书名:
单 册:
中图分类: B252.5
科图分类:
主题词: 魏源--评传
电子资源:
ISBN: 978-7-305-06040-3
000 00667nam0 2200229 45
001 513
005 20120531150105.54
010    @a978-7-305-06040-3@dCNY42.50
100    @a20120328d2010 ekmy0chiy0120 ea
101 0  @achi
102    @aCN@b320000
105    @ay z 000yy
106    @ar
200 1  @a魏源评传@AWei Yuan Ping Chuan@h下@HXia@f陈其泰,刘兰肖著@FChen Qi Tai, Liu Lan Xiao Zhu
210    @a南京@c南京大学出版社@d2011.4
215    @a312-665页@d23cm
606 0  @a魏源@x评传
690    @aB252.5@v4
701  0 @a陈其泰肖@AChen Qi Tai Xiao@4著
701  0 @a刘兰肖@ALiu Lan Xiao@4著
801  0 @aCN@bTSTCL@c20120328
905    @b0810420-24@dB252.5@e50:2@f5
    
    魏源评传.下/陈其泰,刘兰肖著.-南京:南京大学出版社,2011.4
    312-665页;23cm
    
    
    ISBN 978-7-305-06040-3:CNY42.50
    
●
相关链接 在E读中查询图书 在五车中查询图书 在当当中查询图书 在豆瓣中查询图书


正题名:魏源评传     索取号:B252.5/50:2         预约/预借

序号 登录号 条形码 馆藏地/架位号 状态 备注
1 0810420   208104200   第一样本阅览室/ [索取号:B252.5/50:2] 在馆    
2 0810421   208104219   第一借阅区/ [索取号:B252.5/50:2] 在馆    
3 0810422   208104228   第一借阅区/ [索取号:B252.5/50:2] 在馆    
4 0810423   208104237   第一借阅区/ [索取号:B252.5/50:2] 在馆    
5 0810424   208104246   第一借阅区/ [索取号:B252.5/50:2] 在馆    
唐山师范学院图书馆 欢迎您!
大连网信软件有限公司© 版权所有